| 000 | 00565nam a22001817a 4500 | ||
|---|---|---|---|
| 003 | SISC | ||
| 005 | 20170118155135.0 | ||
| 008 | 160307b xxu||||| |||| 00| 0 eng d | ||
| 020 | _a9781305018174 | ||
| 050 |
_aHD 30.28 _b.P512 2014 |
||
| 100 | _aPetty, J. William. | ||
| 245 |
_aBusiness plan / _cJ. William Petty, Leslie E. Palich, Frank Hoy, Justin G. Longenecker. |
||
| 260 |
_aAndover : _bCengage Learning, _c2014. |
||
| 300 |
_axvi, 311 pages : _billustrations ; _c27 cm. |
||
| 500 | _aIncludes glossary. | ||
| 650 | _aBusiness planning. | ||
| 942 |
_2lcc _cBK |
||
| 999 |
_c291458 _d291458 |
||